Normas para la practica docente./ (Registro nro. 8714)

Detalles MARC
000 -LEADER
fixed length control field 00821nam a2200181Ia 4500
005 - FECHA Y HORA DE LA ÚLTIMA TRANSACCIÓN
control field 20250317184434.0
008 - FIXED-LENGTH DATA ELEMENTS--GENERAL INFORMATION
fixed length control field 230725s9999 xx 000 0 und d
040 ## - CATALOGING SOURCE
Original cataloging agency UPAN
Transcribing agency Biblioteca San Vicente
Description conventions RCAA2
041 ## - LANGUAGE CODE
Language code of text/sound track or separate title spa
082 ## - DEWEY DECIMAL CLASSIFICATION NUMBER
Classification number 371.1
Item number M565n
año de publicación 1998
110 ## - MAIN ENTRY--CORPORATE NAME
Corporate name or jurisdiction name as entry element Ministerio de Educación
245 #0 - TITLE STATEMENT
Title Normas para la practica docente./
Remainder of title Ministerio de Educación
260 ## - PUBLICATION, DISTRIBUTION, ETC. (IMPRINT)
Place of publication, distribution, etc El Salvador:
Name of publisher, distributor, etc UCA,
Date of publication, distribution, etc 1998
300 ## - PHYSICAL DESCRIPTION
Extent 30 p.;
Dimensions 28 cm.
505 ## - FORMATTED CONTENTS NOTE
Formatted contents note Presentación<br/>1. Alcance de la práctica docente<br/>2. Lineamientos generales y fases de la práctica docente <br/>3. Evaluación de la práctica docente<br/>4. Criterios para la elaboración de convenios entre la institución formadora y el centro de práctica <br/>5. Administración de la práctica docente
650 ## - SUBJECT ADDED ENTRY--TOPICAL TERM
Source of heading or term LEMB
Topical term or geographic name as entry element Personal docente
General subdivision Normas
942 ## - ADDED ENTRY ELEMENTS (KOHA)
Koha item type Libros
Source of classification or shelving scheme Dewey Decimal Classification
Existencias
Withdrawn status Lost status Source of classification or shelving scheme Damaged status Not for loan Collection code Home library Current library Date acquired Total Checkouts Full call number Barcode Date last seen Copy number Price effective from Koha item type
    Dewey Decimal Classification     Colección General Biblioteca UPAN San Vicente Biblioteca UPAN San Vicente 25/07/2023   371.1 M565n 12003951 25/07/2023 01 25/07/2023 Libros
    Dewey Decimal Classification     Colección General Biblioteca UPAN San Vicente Biblioteca UPAN San Vicente 25/07/2023   371.1 M565n 12003950 25/07/2023 02 25/07/2023 Libros
    Dewey Decimal Classification     Colección General Biblioteca UPAN San Vicente Biblioteca UPAN San Vicente 25/07/2023   371.1 M565n 12003949 25/07/2023 03 25/07/2023 Libros